| 000 | 00888cam a2200253 a 4500 | ||
|---|---|---|---|
| 005 | 20160727164404.0 | ||
| 008 | 901212s19951990uk ao r 001 0 eeng | ||
| 020 | _a185732756X | ||
| 040 |
_aDLC _cDLC _dDLC |
||
| 041 | 0 | _aspa | |
| 044 | _ack | ||
| 082 | 0 | 4 |
_a577.34 _bL34r |
| 245 | 0 | 4 |
_aThe last rain forests : _ba world conservation atlas / _ceditado por Mark Collins. |
| 260 |
_aLondres : _bThe World Conservation Union, _c1995. |
||
| 300 |
_a200 páginas : _bilustraciones a color y fotografías a color ; _c30 x 23 cm. |
||
| 504 | _aIncluye referencias bibliográficas e índice. | ||
| 650 | 2 | 6 |
_aBosque húmedo _xecología |
| 650 | 2 | 6 |
_aBosque húmedo _xmapas |
| 650 | 2 | 6 |
_aBosque húmedo _xconservación de montes |
| 650 | 2 | 6 | _aEcología humana |
| 650 | 2 | 6 | _aPueblos indígenas |
| 700 | 1 |
_aCollins, N. Mark. _eeditor |
|
| 942 |
_2ddc _cLIBRO |
||
| 999 |
_c814 _d814 |
||